000 00729nam a2200229Ia 4500
005 20250108124933.0
008 008 250107s9999 xx 000 0 eng d
020 _a978-93-90678-78-5
037 _aTB
040 _aCRL
_beng
_cCRL
041 _aeng
_2eng
084 _aO111,1N50x R0
084 _qCRL
100 _aAhuja M. L. Au.; Paul Sharda Au.
_9730100
245 0 _a1989 - 1991 general elections in India: including November 1991 by - elections
_cAhuja M. L. Au.; Paul Sharda Au.
260 _aNew Delhi, India
_bAssociated Publishing House
_c2737
300 _axxiv,212p.
365 _aINR
_b300
650 _aELECTIONSHISTORY
_9730101
942 _cTB
_hO111,1N50x R0
999 _c1235125
_d1235125